Místicos franciscanos españoles
Gorde:
| Formatua: | Liburua |
|---|---|
| Hizkuntza: | gaztelania |
| Argitaratua: |
Madrid
Biblioteca de Autores Cristianos
1948
|
| Saila: | Biblioteca de Autores Cristianos
|
| Gaiak: | |
| Etiketak: |
Etiketa erantsi
Etiketarik gabe, Izan zaitez lehena erregistro honi etiketa jartzen!
|
MARC
| LEADER | 00000nam a2200000 a 4500 | ||
|---|---|---|---|
| 001 | UCL3792 | ||
| 003 | CL-VaPUC | ||
| 008 | 031212e19480000SP |||||||||||||||||spa|d | ||
| 082 | 0 | 4 | |a 271.3022 |b MIS |2 21 |
| 245 | 1 | 0 | |a Místicos franciscanos españoles |
| 300 | |a v | ||
| 942 | |c BK | ||
| 945 | |d 20031212 00:00:00 |a vberengu | ||
| 260 | |a Madrid |b Biblioteca de Autores Cristianos |c 1948 | ||
| 500 | |a v.1: Fray Alonso de Madrid; Fray Francisco de Osuna | ||
| 500 | |a v.2: Fray Bernardino de Laredo; Fray Antonio de Guevara; Fray Miguel de Medina; Beato Nicolás Factor | ||
| 500 | |a v.3: Fray Diego de Estella; Fray Juan de Pineda; Fray Juan de los Angeles; Fray Melchor de Cetina; Fray Juan Bautista de Madrigal | ||
| 650 | 0 | |a Franciscanos |9 267404 | |
| 583 | |a last modification |c 20031212 00:00:00 |k Rodrigo Vera | ||
| 490 | 0 | |a Biblioteca de Autores Cristianos | |
| 999 | |c 306798 |d 306796 | ||
| 952 | |0 0 |1 0 |4 0 |6 271_302200000000000_MIS_1948 |7 0 |8 P |9 372083 |a BIBTEO |b BIBTES |c TEO_FTES |d 2019-11-21 |h v.2 |i 2097575 |o 271.3022 MIS 1948 |p 2097575 |r 2024-01-18 |w 2019-11-21 |y BK |k ICR | ||
| 952 | |0 0 |1 0 |4 0 |6 271_302200000000000_MIS_1948 |7 0 |8 P |9 372084 |a BIBTEO |b BIBTES |c TEO_FTES |d 2019-11-21 |h v.3 |i 2097583 |o 271.3022 MIS 1948 |p 2097583 |r 2023-01-25 |w 2019-11-21 |y BK |k ICR | ||
| 952 | |0 0 |1 0 |4 0 |6 271_302200000000000_MIS_1948 |7 0 |8 P |9 372085 |a BIBTEO |b BIBTES |c TEO_FTES |d 2019-11-21 |h v.1 |i 2101955 |o 271.3022 MIS 1948 |p 2101955 |r 2024-01-18 |w 2019-11-21 |y BK |k ICR | ||
| 952 | |0 0 |1 0 |4 0 |6 271_302200000000000_MIS_1948 |7 0 |8 P |9 372086 |a BIBTEO |b BIBTES |c TEO_FTES |d 2019-11-21 |h v.3 |i 4246373 |o 271.3022 MIS 1948 |p 4246373 |r 2024-01-18 |w 2019-11-21 |y BK |k ICR | ||
| 952 | |0 0 |1 0 |4 0 |6 271_302200000000000_MIS_1948 |7 0 |8 P |9 372087 |a BIBTEO |b BIBTES |c TEO_FTES |d 2019-11-21 |h v.2 |i 4246365 |o 271.3022 MIS 1948 |p 4246365 |r 2023-01-25 |w 2019-11-21 |y BK |k ICR | ||
| 952 | |0 0 |1 0 |4 0 |6 271_302200000000000_MIS_1948 |7 0 |8 P |9 372088 |a BIBTEO |b BIBTES |c TEO_FTES |d 2019-11-21 |h v.1 |i 4246357 |o 271.3022 MIS 1948 |p 4246357 |r 2024-01-18 |w 2019-11-21 |y BK |k ICR | ||